In the jaws of history / (Record no. 1968)
[ view plain ]
| 000 -LEADER | |
|---|---|
| fixed length control field | 00648nam a22002297a 4500 |
| 003 - CONTROL NUMBER IDENTIFIER | |
| control field | BD-DhJNU |
| 005 - DATE AND TIME OF LATEST TRANSACTION | |
| control field | 20250804062100.0 |
| 008 - FIXED-LENGTH DATA ELEMENTS--GENERAL INFORMATION | |
| fixed length control field | 250804b |||||||| |||| 00| 0 eng d |
| 020 ## - INTERNATIONAL STANDARD BOOK NUMBER | |
| International Standard Book Number | 0395426375 |
| 040 ## - CATALOGING SOURCE | |
| Original cataloging agency | BD-DhJNU |
| Language of cataloging | ENG |
| Transcribing agency | BD-DhJNU |
| Modifying agency | BD-DhJNU |
| 082 ## - DEWEY DECIMAL CLASSIFICATION NUMBER | |
| Edition number | 23 |
| Classification number | 959.7040924 DII |
| 100 ## - MAIN ENTRY--PERSONAL NAME | |
| Personal name | Bui, Diem |
| 245 ## - TITLE STATEMENT | |
| Title | In the jaws of history / |
| Statement of responsibility, etc. | Diem Bui and David Chanoff |
| 260 ## - PUBLICATION, DISTRIBUTION, ETC. | |
| Place of publication, distribution, etc. | Boston : |
| Name of publisher, distributor, etc. | Houghton Mifflin, |
| Date of publication, distribution, etc. | 1987. |
| 300 ## - PHYSICAL DESCRIPTION | |
| Extent | x, 367p. : |
| Other physical details | ill. ; |
| Dimensions | 24 cm. |
| 650 ## - SUBJECT ADDED ENTRY--TOPICAL TERM | |
| Topical term or geographic name entry element | Autobiographies |
| 650 ## - SUBJECT ADDED ENTRY--TOPICAL TERM | |
| Topical term or geographic name entry element | Autobiography |
| 650 ## - SUBJECT ADDED ENTRY--TOPICAL TERM | |
| Topical term or geographic name entry element | Biography |
| 650 ## - SUBJECT ADDED ENTRY--TOPICAL TERM | |
| Topical term or geographic name entry element | Diplomatic relations |
| 700 ## - ADDED ENTRY--PERSONAL NAME | |
| Personal name | Chanoff, David |
| 942 ## - ADDED ENTRY ELEMENTS (KOHA) | |
| Source of classification or shelving scheme | Dewey Decimal Classification |
| Koha item type | Books |
| Suppress in OPAC | No |
| Withdrawn status | Lost status | Source of classification or shelving scheme | Damaged status | Not for loan | Collection | Home library | Current library | Shelving location | Date acquired | Source of acquisition | Total checkouts | Full call number | Barcode | Date last seen | Copy number | Price effective from | Koha item type |
|---|---|---|---|---|---|---|---|---|---|---|---|---|---|---|---|---|---|
| Dewey Decimal Classification | Non-fiction | Jagannath University Central Library | Jagannath University Central Library | General stacks | 08/04/2025 | Purchased | 959.7040924 DII | JNUCL1196 | 08/04/2025 | 1 | 08/04/2025 | Books |